| 000 | 00442nam a2200169Ia 4500 | ||
|---|---|---|---|
| 008 | 230917s9999||||xx |||||||||||||| ||und|| | ||
| 020 | _cRS425 | ||
| 040 |
_e208498 _aMAIN |
||
| 041 | _aEnglish | ||
| 082 | _a647.94 N312H | ||
| 100 | _aJagmohan, Negi | ||
| 245 | 0 | _aHousekeeping: Theory and practice | |
| 260 |
_aNew Delhi _bS Chand _c2013 |
||
| 300 | _axiii, 457 p. | ||
| 500 | _a2563 02/08/2013 5453 10/08/2013 Main Budget | ||
| 942 | _cBK | ||
| 999 |
_c20845 _d20845 |
||